Las Entidades asociativas en el ámbito municipal / Francisco López-Nieto y Mallo
ISBN:
84-7028-157-7
Descripción Física:
316 p. ; 21 cm
MARC
| LEADER | 00000nam a2200000Ia 4500 | ||
|---|---|---|---|
| 001 | 18315 | ||
| 008 | 160829s1988 xx 000 0 cat d | ||
| 020 | |a 84-7028-157-7 | ||
| 080 | |a M-5-283 | ||
| 100 | |a López-Nieto y Mallo, Francisco |9 23394 | ||
| 245 | |a Las Entidades asociativas en el ámbito municipal / Francisco López-Nieto y Mallo | ||
| 260 | |a Barcelona : |b Bayer Hnos., |c 1988 | ||
| 300 | |a 316 p. ; |c 21 cm | ||
| 650 | |a Municipis |x Govern i administració |x Espanya |9 23379 | ||
| 650 | 0 | |a Associacions, institucions, etc. |x Dret i legislació |z Espanya |9 23395 | |
| 650 | |a Persones jurídiques |x Espanya I |9 23396 | ||
| 650 | 0 | |a Administració local |x Dret i legislació |z Espanya |9 11255 | |
| 901 | |a Arxiu | ||
| 942 | |n 1 | ||
| 952 | |0 0 |1 0 |4 0 |6 M5283 |7 1 |9 42692 |a Arxiu |b Arxiu |d 2016-12-01 |l 0 |o M-5-283 |p 18315 |r 2016-12-01 00:00:00 |w 2016-12-01 |y ARXIU | ||
| 999 | |c 45198 |d 45198 | ||